Loading...
Philosophy | 0 | 7 | 0 | 2 | 70 | 98 | 122.00 | 0 | 1 |
History - World History | 0 | 3 | 0 | 0 | 30 | 109 | 111.33 | 0 | 1 |
History - Other History | 1 | 1 | 0 | 0 | 25 | 68 | 94.50 | 0 | 1 |
Other Academic | 1 | 1 | 0 | 0 | 25 | 41 | 69.00 | 2 | 2 |
Beliefs | 0 | 2 | 0 | 0 | 20 | 142 | 149.50 | 0 | 0 |
Literature - European Literature | 1 | 1 | 1 | 0 | 20 | 76 | 94.00 | 1 | 2 |
Fine Arts - Visual Fine Arts | 0 | 2 | 0 | 1 | 20 | 106 | 131.00 | 0 | 1 |
Literature - British Literature | 0 | 2 | 0 | 1 | 20 | 121 | 145.50 | 1 | 1 |
Social Science | 0 | 2 | 1 | 1 | 15 | 95 | 124.00 | 1 | 1 |
History - European History | 1 | 0 | 0 | 0 | 15 | 64 | 64.00 | 1 | 1 |
Modern World | 1 | 0 | 0 | 0 | 15 | 59 | 59.00 | 0 | 1 |
Fine Arts - Classical Music and Opera | 0 | 1 | 0 | 1 | 10 | 146 | 146.00 | 0 | 0 |
Fine Arts - Other Fine Arts | 0 | 1 | 0 | 0 | 10 | 104 | 104.00 | 0 | 1 |
Literature - World Literature | 0 | 1 | 0 | 0 | 10 | 94 | 94.00 | 0 | 0 |
Literature - American Literature | 0 | 1 | 1 | 0 | 5 | 80 | 80.00 | 0 | 0 |